Vision (Record no. 117206)

MARC details
000 -LEADER
fixed length control field 01216cam a2200253 4500
001 - CONTROL NUMBER
control field ABS67741
008 - FIXED-LENGTH DATA ELEMENTS--GENERAL INFORMATION
fixed length control field 040416n2004 000 0 eng u
035 ## - SYSTEM CONTROL NUMBER
System control number (Sirsi) u125852
100 ## - MAIN ENTRY--PERSONAL NAME
Personal name Prior, T.
245 ## - TITLE STATEMENT
Title Vision
260 ## - PUBLICATION, DISTRIBUTION, ETC.
Date of publication, distribution, etc. 2004
490 ## - SERIES STATEMENT
Series statement Estates Gazette
Volume/sequential designation (0415) 10 April 2004, 90-92(3)
520 ## - SUMMARY, ETC.
Summary, etc. Two part article on professional indemnity insurance issues. "Forewarned is forearmed" recommends steps which chartered surveyors can take to reduce the risk of a claim. These include looking carefully at non-standard terms of agreement, understanding instructions, avoiding the use of assumptions without further clarification with client, practising good communication skills and keeping good written records. "The cost of accidents waiting to happen" accounts for the rise in professional indemnity insurance premiums blaming factors such as terrorism, the legacy of corporate scandals and the threat of a property slump.
590 ## - LOCAL NOTE (RLIN)
Local note ABS
590 ## - LOCAL NOTE (RLIN)
Local note ABS
650 ## - SUBJECT ADDED ENTRY--TOPICAL TERM
Topical term or geographic name entry element PROFESSIONAL INDEMNITY
650 ## - SUBJECT ADDED ENTRY--TOPICAL TERM
Topical term or geographic name entry element PREMIUMS
650 ## - SUBJECT ADDED ENTRY--TOPICAL TERM
Topical term or geographic name entry element RISK MANAGEMENT
650 ## - SUBJECT ADDED ENTRY--TOPICAL TERM
Topical term or geographic name entry element COMMUNICATION
650 ## - SUBJECT ADDED ENTRY--TOPICAL TERM
Topical term or geographic name entry element RECORDS MANAGEMENT
690 ## - LOCAL SUBJECT ADDED ENTRY--TOPICAL TERM (OCLC, RLIN)
Topical term or geographic name as entry element INSURANCE
9 (RLIN) 6249
700 ## - ADDED ENTRY--PERSONAL NAME
Personal name Davies, J.
942 ## - ADDED ENTRY ELEMENTS (KOHA)
Suppress in OPAC 0
Holdings
Withdrawn status Lost status Source of classification or shelving scheme Damaged status Not for loan Home library Current library Shelving location Date acquired Total Checkouts Full call number Barcode Date last seen Copy number Price effective from Koha item type
    Dewey Decimal Classification     London London Journal article 16/04/2004   ABS67741 125852-1001 06/08/2019 1 06/08/2019 Journal article